| 000 | 01875nam0a2200361 4500 | ||
|---|---|---|---|
| 001 | RU\NLR\BIBL_A\022757645 | ||
| 005 | 20260614173247.0 | ||
| 010 |
_a978-5-6052405-7-0 _9100 |
||
| 021 |
_aRU _bКН-П-26-005950 _9КН-П-26-0580 |
||
| 035 | _a(NLR Aleph) 022757645 | ||
| 090 |
_a13728966 _c13728966 |
||
| 100 | _a20260318d2024 u y0rusy50 ca | ||
| 101 | 0 | _arus | |
| 102 | _aRU | ||
| 105 | _ay|||j|||000yy | ||
| 181 | 0 |
_ai4 _baxxe |
|
| 182 | 0 | _an | |
| 200 | 1 |
_aИстория и философия науки: актуальные проблемы _eучебное пособие _eдля магистрантов и аспирантов всех направлений подготовки _fЧекер Н. В., Пилавов Г. Ш., Чекер И. В. _gМинистерство сельского хозяйства Российской Федерации, Луганский государственный аграрный университет им. К. Е. Ворошилова |
|
| 203 |
_aТекст _bвизуальный _cнепосредственный |
||
| 210 |
_aЛуганск _cОрехов Дмитрий Александрович _d2024 |
||
| 215 |
_a88 с. _d21 |
||
| 320 | _aБиблиогр. в конце тем | ||
| 606 | 1 |
_aФилософия науки _jУчебные издания для высших учебных заведений _2nlr_sh2 _3RU\NLR\AUTH\6601540803 |
|
| 606 | 1 |
_aНаука _xИстория _jУчебные издания для высших учебных заведений _2nlr_sh2 _3RU\NLR\AUTH\66735062 |
|
| 686 | 1 | _aЮ25я73 | |
| 686 | 1 | _aЧ213(0)я73 | |
| 700 | 1 |
_aЧекер _bН. В. |
|
| 701 | 1 |
_aПилавов _bГ. Ш. _gГеоргий Шаликович |
|
| 701 | 1 |
_aЧекер _bИ. В. |
|
| 942 | _cBOOK | ||
| 980 | _aNB | ||